书目信息 |
| 题名: |
精神分析导论= A short introduction to psychoanalysis
|
|
| 作者: | 米尔顿 (Milton,Jane)著 Jane Milton , Caroline Polmear , Julia Fabricius著 ;余萍 , 周娟 译 | |
| 分册: | ||
| 出版信息: | 北京 中国轻工业出版社 2015.09 |
|
| 页数: | 303页 | |
| 开本: | 20cm | |
| 丛书名: | ||
| 单 册: | ||
| 中图分类: | B84 | |
| 科图分类: | ||
| 主题词: | 心理学 | |
| 电子资源: | ||
| ISBN: | 7-5019-9974-0 | |
| 000 | 00989nam0 2200241 450 | |
| 001 | 1860838574 | |
| 005 | 20181129165533.15 | |
| 010 | @a7-5019-9974-0@dCNY50.00 | |
| 100 | @a20181129d2015 km y0chiy0120 ea | |
| 101 | 0 | @achi |
| 102 | @aCN@b110000 | |
| 200 | 1 | @a精神分析导论= A short introduction to psychoanalysis@Ajing shen fen xi dao lun=A short introduction to psychoanalysis@f(英)米尔顿 ( Milton, Jane ) 著 Jane Milton, Caroline Polmear, Julia Fabricius著 ; 余萍, 周娟译@F(ying)mi er dun(Milton,Jane)zhu Jane Milton,Caroline Polmear,Julia Fabricius zhu;yu ping,zhou juan yi |
| 210 | @a北京@c中国轻工业出版社@d2015.09 | |
| 215 | @a303页@d20cm | |
| 606 | 0 | @a心理学 |
| 690 | @aB84@v4 | |
| 701 | 0 | @a米尔顿 (Milton,Jane)著 Jane Milton@Ami er dun(Milton,Jane)zhu Jane Milton |
| 701 | 0 | @aCaroline Polmear |
| 701 | 0 | @aJulia Fabricius著@AJulia Fabricius zhu |
| 702 | 0 | @a余萍@Ayu ping@4译 |
| 702 | 0 | @a周娟@Azhou juan@4译 |
| 801 | 0 | @aCN@bMUSE@c20181129 |
| 905 | @aMUSE@dB84@eM645 | |
| 精神分析导论= A short introduction to psychoanalysis/(英)米尔顿 ( Milton, Jane ) 著 Jane Milton, Caroline Polmear, Julia Fabricius著 ; 余萍, 周娟译.-北京:中国轻工业出版社,2015.09 |
| 303页;20cm |
| ISBN 7-5019-9974-0:CNY50.00 |
| ● |
| 相关链接 |
|
|
|
正题名:精神分析导论= A short introduction to ps
索取号:B84/M645
 
预约/预借
| 序号 | 登录号 | 条形码 | 馆藏地/架位号 | 状态 | 备注 |
| 1 | 1304175 | 213041750 | 大学生心理健康教育指导中心资料室/ [索取号:B84/M645] | 在馆 |